[Event "OeISM_Rapid_u12_Girls"]
[Site "AUT_girls_U12"]
[Date "2020.12.13"]
[Round "1"]
[White "BiancaD"]
[Black "Jaguarjungle"]
[Result "1-0"]
[WhiteElo "1621"]
[BlackElo "1328"]
[Annotator "NA RC"]
[PlyCount "65"]
[EventDate "2020.12.13"]
[EventType "blitz"]

1. e4 {[%emt 0:00:02]} e5 {[%emt 0:00:06]} 2. Nf3 {[%emt 0:00:01]} Nc6 {[%emt 0:00:04]} 3. Bc4 {[%emt 0:00:02]} Bc5 {[%emt 0:00:03]} 4. O-O {[%emt 0:00:02]} Nf6 {[%emt 0:00:03]} 5. d3 {[%emt 0:00:02]} h6 {[%emt 0:00:02]} 6. Nc3 {[%emt 0:00:06]} O-O {[%emt 0:00:04]} 7. h3 {[%emt 0:00:02]} d6 {[%emt 0:00:03]} 8. Bd2 {[%emt 0:00:03]} Bd7 {[%emt 0:00:04]} 9. Na4 {[%emt 0:00:03]} Qe7 {[%emt 0:00:15]} 10. Nxc5 {[%emt 0:00:06]} dxc5 {[%emt 0:00:00]} 11. a3 {[%emt 0:00:05]} b6 {[%emt 0:00:06]} 12. Bc3 {[%emt 0:00:26]} Qd6 {[%emt 0:00:12]} 13. Re1 {[%emt 0:00:08]} a5 {[%emt 0:00:03]} 14. Qd2 {[%emt 0:00:32]} Rfe8 {[%emt 0:00:11]} 15. Rad1 {[%emt 0:00:17]} Rad8 {[%emt 0:01:08]} 16. Nh4 {[%emt 0:00:04]} Nh7 {[%emt 0:00:48]} 17. Nf5 {[%emt 0:00:18]} Bxf5 {[%emt 0:00:28]} 18. exf5 {[%emt 0:00:04]} Qd7 {[%emt 0:00:12]} 19. Bd5 {[%emt 0:00:53]} Qxd5 {[%emt 0:00:10]} 20. f4 {[%emt 0:00:23]} exf4 {[%emt 0:00:28]} 21. Qxf4 {[%emt 0:00:02]} Rxe1+ {[%emt 0:00:07]} 22. Rxe1 {[%emt 0:00:02]} Rd7 {[%emt 0:00:12]} 23. Re8+ {[%emt 0:00:05]} Nf8 {[%emt 0:00:02]} 24. f6 {[%emt 0:00:17]} Qg5 {[%emt 0:01:02]} 25. Qxg5 {[%emt 0:00:30]} hxg5 {[%emt 0:00:00]} 26. fxg7 {[%emt 0:00:05]} Re7 {[%emt 0:00:26]} 27. gxf8=Q+ {[%emt 0:00:06]} Kh7 {[%emt 0:00:02]} 28. Qh8+ {[%emt 0:00:04]} Kg6 {[%emt 0:00:03]} 29. Rg8+ {[%emt 0:00:01]} Kf5 {[%emt 0:00:01]} 30. Qh7+ {[%emt 0:00:01]} Kf4 {[%emt 0:00:03]} 31. Rf8 {[%emt 0:00:11]} Kg3 {[%emt 0:00:03]} 32. Qh5 {[%emt 0:00:24]} Nd4 {[%emt 0:00:02]} 33. Qxg5# {[%emt 0:00:04] Mate Mate} 1-0

[Event "OeISM_Rapid_u12_Girls"]
[Site "AUT_girls_U12"]
[Date "2020.12.13"]
[Round "1"]
[White "LBchessqueen"]
[Black "Ju_Fa29"]
[Result "0-1"]
[WhiteElo "1594"]
[BlackElo "1588"]
[Annotator "NA RC"]
[PlyCount "130"]
[EventDate "2020.12.13"]
[EventType "blitz"]

1. c4 {[%emt 0:00:05]} c5 {[%emt 0:00:03]} 2. d3 {[%emt 0:00:02]} Nf6 {[%emt 0:00:12]} 3. g3 {[%emt 0:00:01]} d6 {[%emt 0:00:13]} 4. Bg2 {[%emt 0:00:04]} g6 {[%emt 0:00:14]} 5. Nc3 {[%emt 0:00:05]} Bg7 {[%emt 0:00:03]} 6. Bg5 {[%emt 0:00:16]} Nc6 {[%emt 0:00:11]} 7. Nf3 {[%emt 0:00:03]} Rb8 {[%emt 0:00:22]} 8. O-O {[%emt 0:00:17]} O-O {[%emt 0:00:14]} 9. Qd2 {[%emt 0:00:05]} a6 {[%emt 0:00:08]} 10. b3 {[%emt 0:00:05]} Bg4 {[%emt 0:00:14]} 11. Rac1 {[%emt 0:00:04]} b5 {[%emt 0:00:13]} 12. Bh6 {[%emt 0:01:57]} Bxh6 {[%emt 0:00:41]} 13. Qxh6 {[%emt 0:00:03]} Nd4 {[%emt 0:00:53]} 14. Rfe1 {[%emt 0:01:44]} Nf5 {[%emt 0:00:49]} 15. Qg5 {[%emt 0:00:51]} b4 {[%emt 0:00:46]} 16. Nd5 {[%emt 0:00:22]} Nxd5 {[%emt 0:00:10]} 17. cxd5 {[%emt 0:00:29]} Bxf3 {[%emt 0:00:07]} 18. Bxf3 {[%emt 0:00:05]} e5 {[%emt 0:00:46]} 19. Qxd8 {[%emt 0:00:48]} Rbxd8 {[%emt 0:00:13]} 20. e3 {[%emt 0:00:09]} a5 {[%emt 0:00:23]} 21. Bg4 {[%emt 0:00:38]} Ne7 {[%emt 0:00:07]} 22. e4 {[%emt 0:00:13]} h5 {[%emt 0:00:28]} 23. Bh3 {[%emt 0:00:19]} Kg7 {[%emt 0:00:36]} 24. f4 {[%emt 0:00:03]} exf4 {[%emt 0:00:11]} 25. gxf4 {[%emt 0:00:04]} Rfe8 {[%emt 0:00:36]} 26. Kf2 {[%emt 0:00:28]} Kh6 {[%emt 0:00:17]} 27. Rc2 {[%emt 0:00:41]} f5 {[%emt 0:00:12]} 28. Rce2 {[%emt 0:00:12]} Rf8 {[%emt 0:00:27]} 29. Kf3 {[%emt 0:00:18]} fxe4+ {[%emt 0:00:15]} 30. dxe4 {[%emt 0:00:02]} g5 {[%emt 0:00:09]} 31. f5 {[%emt 0:00:07]} g4+ {[%emt 0:00:06]} 32. Bxg4 {[%emt 0:00:03]} hxg4+ {[%emt 0:00:02]} 33. Kxg4 {[%emt 0:00:01]} Rg8+ {[%emt 0:00:03]} 34. Kf4 {[%emt 0:00:02]} Rdf8 {[%emt 0:00:08]} 35. Re3 {[%emt 0:00:13]} Ng6+ {[%emt 0:00:17]} 36. Kf3 {[%emt 0:00:10]} Ne5+ {[%emt 0:00:02]} 37. Ke2 {[%emt 0:00:03]} Rg2+ {[%emt 0:00:10]} 38. Kd1 {[%emt 0:00:02]} Rxh2 {[%emt 0:00:02]} 39. Rg3 {[%emt 0:00:03]} Kh7 {[%emt 0:00:37]} 40. Reg1 {[%emt 0:00:02]} Rh4 {[%emt 0:00:15]} 41. Rg7+ {[%emt 0:00:02]} Kh6 {[%emt 0:00:02]} 42. Rg8 {[%emt 0:00:13]} Rxg8 {[%emt 0:00:02]} 43. Rxg8 {[%emt 0:00:02]} Rh1+ {[%emt 0:00:00]} 44. Ke2 {[%emt 0:00:05]} Rh2+ {[%emt 0:00:01]} 45. Kf1 {[%emt 0:00:02]} Rxa2 {[%emt 0:00:02]} 46. f6 {[%emt 0:00:03]} Rb2 {[%emt 0:00:11]} 47. Rg3 {[%emt 0:00:05]} Kh7 {[%emt 0:00:01]} 48. Ke1 {[%emt 0:00:14]} Rb1+ {[%emt 0:00:02]} 49. Kd2 {[%emt 0:00:03]} Rh1 {[%emt 0:00:03]} 50. Ke3 {[%emt 0:00:03]} Rh6 {[%emt 0:00:02]} 51. Rg7+ {[%emt 0:00:07]} Kh8 {[%emt 0:00:02]} 52. Ra7 {[%emt 0:00:03]} Rxf6 {[%emt 0:00:01]} 53. Rxa5 {[%emt 0:00:02]} Rf3+ {[%emt 0:00:01]} 54. Ke2 {[%emt 0:00:04]} Rxb3 {[%emt 0:00:00]} 55. Ra6 {[%emt 0:00:05]} Nc4 {[%emt 0:00:05]} 56. Ra8+ {[%emt 0:00:08]} Kg7 {[%emt 0:00:03]} 57. Ra7+ {[%emt 0:00:02]} Kf6 {[%emt 0:00:01]} 58. Ra8 {[%emt 0:00:04]} Ke5 {[%emt 0:00:02]} 59. Re8+ {[%emt 0:00:02]} Kd4 {[%emt 0:00:02]} 60. Re6 {[%emt 0:00:01]} Re3+ {[%emt 0:00:03]} 61. Kf2 {[%emt 0:00:03]} Rxe4 {[%emt 0:00:01]} 62. Rxe4+ {[%emt 0:00:02]} Kxe4 {[%emt 0:00:01]} 63. Ke2 {[%emt 0:00:02]} Kxd5 {[%emt 0:00:04]} 64. Kd3 {[%emt 0:00:06]} b3 {[%emt 0:00:03]} 65. Kc3 {[%emt 0:00:08]} Na5 {[%emt 0:00:04] LBchessqueen resigns} 0-1

[Event "OeISM_Rapid_u12_Girls"]
[Site "AUT_girls_U12"]
[Date "2020.12.13"]
[Round "1"]
[White "HarryPotter09"]
[Black "Efiona2008"]
[Result "1-0"]
[WhiteElo "1500"]
[BlackElo "1464"]
[Annotator "NA RC"]
[PlyCount "83"]
[EventDate "2020.12.13"]
[EventType "blitz"]

1. e4 {[%emt 0:00:02]} e5 {[%emt 0:00:02]} 2. Nf3 {[%emt 0:00:02]} Nc6 {[%emt 0:00:02]} 3. Bc4 {[%emt 0:00:02]} Bc5 {[%emt 0:00:06]} 4. c3 {[%emt 0:00:03]} Nf6 {[%emt 0:00:06]} 5. d4 {[%emt 0:00:02]} exd4 {[%emt 0:00:11]} 6. e5 {[%emt 0:00:02]} Ng4 {[%emt 0:00:09]} 7. cxd4 {[%emt 0:00:03]} Bb4+ {[%emt 0:00:11]} 8. Bd2 {[%emt 0:00:04]} Qe7 {[%emt 0:00:10]} 9. O-O {[%emt 0:00:22]} O-O {[%emt 0:00:33]} 10. Bg5 {[%emt 0:01:00]} Qe8 {[%emt 0:00:15]} 11. Nc3 {[%emt 0:00:15]} h6 {[%emt 0:00:14]} 12. Bd2 {[%emt 0:00:28]} d6 {[%emt 0:00:25]} 13. Nd5 {[%emt 0:00:22]} Qd7 {[%emt 0:00:21]} 14. Nxb4 {[%emt 0:00:29]} Nxb4 {[%emt 0:00:19]} 15. Bxb4 {[%emt 0:00:03]} a5 {[%emt 0:00:21]} 16. Bc3 {[%emt 0:00:45]} d5 {[%emt 0:00:45]} 17. Bb3 {[%emt 0:00:26]} a4 {[%emt 0:00:20]} 18. Bc2 {[%emt 0:00:12]} a3 {[%emt 0:00:15]} 19. b3 {[%emt 0:00:11]} Qc6 {[%emt 0:00:11]} 20. Bb4 {[%emt 0:00:08]} Re8 {[%emt 0:00:30]} 21. Qd3 {[%emt 0:00:16]} g6 {[%emt 0:00:12]} 22. Qc3 {[%emt 0:00:23]} Qb5 {[%emt 0:00:33]} 23. Qc5 {[%emt 0:00:26]} Qd7 {[%emt 0:00:16]} 24. Bxa3 {[%emt 0:00:09]} b6 {[%emt 0:00:14]} 25. Qb4 {[%emt 0:00:13]} Ba6 {[%emt 0:00:09]} 26. Rfe1 {[%emt 0:00:09]} h5 {[%emt 0:00:46]} 27. Rac1 {[%emt 0:00:19]} c5 {[%emt 0:00:32]} 28. dxc5 {[%emt 0:00:04]} bxc5 {[%emt 0:00:08]} 29. Qxc5 {[%emt 0:00:07]} Bb7 {[%emt 0:00:23]} 30. Qd6 {[%emt 0:00:09]} Qxd6 {[%emt 0:00:21]} 31. Bxd6 {[%emt 0:00:02]} Rxa2 {[%emt 0:00:31]} 32. Bb1 {[%emt 0:00:03]} Ra3 {[%emt 0:00:10]} 33. Bxa3 {[%emt 0:00:03]} Bc6 {[%emt 0:00:11]} 34. Rxc6 {[%emt 0:00:05]} Ra8 {[%emt 0:00:20]} 35. Bc5 {[%emt 0:00:34]} Ra4 {[%emt 0:00:25]} 36. Rc8+ {[%emt 0:00:06]} Kg7 {[%emt 0:00:06]} 37. e6 {[%emt 0:00:15]} Ra5 {[%emt 0:00:11]} 38. exf7 {[%emt 0:00:12]} Kxf7 {[%emt 0:00:17]} 39. Rf8+ {[%emt 0:00:04]} Kg7 {[%emt 0:00:05]} 40. Rc8 {[%emt 0:00:30]} Rb5 {[%emt 0:00:08]} 41. Rc7+ {[%emt 0:00:04]} Kh6 {[%emt 0:00:11]} 42. Bf8# {[%emt 0:00:06] Mate Mate} 1-0

[Event "OeISM_Rapid_u12_Girls"]
[Site "AUT_girls_U12"]
[Date "2020.12.13"]
[Round "1"]
[White "Athene"]
[Black "Chessellis"]
[Result "1-0"]
[WhiteElo "1444"]
[BlackElo "1700"]
[Annotator "NA RC"]
[PlyCount "95"]
[EventDate "2020.12.13"]
[EventType "blitz"]

1. e4 {[%emt 0:00:08]} c5 {[%emt 0:00:02]} 2. d4 {[%emt 0:00:03]} cxd4 {[%emt 0:00:02]} 3. Nf3 {[%emt 0:00:02]} Nc6 {[%emt 0:00:18]} 4. Bc4 {[%emt 0:00:08]} d6 {[%emt 0:00:04]} 5. Nxd4 {[%emt 0:00:03]} Nf6 {[%emt 0:00:08]} 6. Nc3 {[%emt 0:00:10]} g6 {[%emt 0:00:03]} 7. Bf4 {[%emt 0:00:03]} Nxd4 {[%emt 0:00:08]} 8. Qxd4 {[%emt 0:00:05]} e5 {[%emt 0:00:04]} 9. Bb5+ {[%emt 0:00:09]} Bd7 {[%emt 0:00:08]} 10. Bxe5 {[%emt 0:00:21]} dxe5 {[%emt 0:00:07]} 11. Qxe5+ {[%emt 0:00:02]} Be7 {[%emt 0:00:05]} 12. O-O-O {[%emt 0:00:07]} O-O {[%emt 0:01:07]} 13. Rd2 {[%emt 0:00:15]} Qc8 {[%emt 0:00:20]} 14. Qxe7 {[%emt 0:00:23]} Bxb5 {[%emt 0:00:28]} 15. Nxb5 {[%emt 0:00:00]} Ng4 {[%emt 0:00:11]} 16. Nc3 {[%emt 0:00:19]} Re8 {[%emt 0:00:21]} 17. Qg5 {[%emt 0:00:16]} Ne5 {[%emt 0:00:34]} 18. f4 {[%emt 0:01:07]} Nc4 {[%emt 0:00:22]} 19. Re2 {[%emt 0:00:22]} Na5 {[%emt 0:01:05]} 20. Qxa5 {[%emt 0:00:40]} Qg4 {[%emt 0:00:11]} 21. Qg5 {[%emt 0:00:19]} Qd7 {[%emt 0:00:14]} 22. Rd1 {[%emt 0:00:11]} Qc7 {[%emt 0:00:14]} 23. Red2 {[%emt 0:00:05]} Rac8 {[%emt 0:00:10]} 24. Rd7 {[%emt 0:00:12]} Qc6 {[%emt 0:00:12]} 25. Rd8 {[%emt 0:00:06]} Kg7 {[%emt 0:00:29]} 26. Rxc8 {[%emt 0:00:13]} Rxc8 {[%emt 0:00:04]} 27. Qe5+ {[%emt 0:00:03]} Kg8 {[%emt 0:00:15]} 28. Rd2 {[%emt 0:00:03]} a6 {[%emt 0:00:08]} 29. f5 {[%emt 0:00:03]} b5 {[%emt 0:00:08]} 30. fxg6 {[%emt 0:00:06]} hxg6 {[%emt 0:00:04]} 31. h3 {[%emt 0:00:10]} Qc4 {[%emt 0:00:35]} 32. h4 {[%emt 0:00:30]} b4 {[%emt 0:00:18]} 33. Na4 {[%emt 0:00:36]} Qxa2 {[%emt 0:00:07]} 34. Kd1 {[%emt 0:00:12]} Qxa4 {[%emt 0:00:07]} 35. h5 {[%emt 0:00:19]} Re8 {[%emt 0:00:11]} 36. Qd4 {[%emt 0:00:08]} gxh5 {[%emt 0:00:11]} 37. Qf6 {[%emt 0:00:14]} Qa1+ {[%emt 0:00:21]} 38. Ke2 {[%emt 0:00:06]} Rxe4+ {[%emt 0:00:04]} 39. Kd3 {[%emt 0:00:02]} Qe1 {[%emt 0:00:27]} 40. Qg5+ {[%emt 0:00:10]} Kh7 {[%emt 0:00:05]} 41. Qxh5+ {[%emt 0:00:03]} Kg8 {[%emt 0:00:05]} 42. Re2 {[%emt 0:00:14]} Rxe2 {[%emt 0:00:31]} 43. Qxe2 {[%emt 0:00:00]} Qg1 {[%emt 0:00:04]} 44. Qe8+ {[%emt 0:00:04]} Kg7 {[%emt 0:00:03]} 45. Qe5+ {[%emt 0:00:03]} Kf8 {[%emt 0:00:05]} 46. Qd6+ {[%emt 0:00:04]} Kg7 {[%emt 0:00:02]} 47. Qd4+ {[%emt 0:00:04]} Kg8 {[%emt 0:00:06]} 48. Qxg1 {[%emt 0:00:02] Chessellis offers a draw Chessellis resigns} 1-0

[Event "OeISM_Rapid_u12_Girls"]
[Site "AUT_girls_U12"]
[Date "2020.12.13"]
[Round "1"]
[White "Leefke Giselbrecht"]
[Black "Orchidee14"]
[Result "0-1"]
[WhiteElo "1410"]
[BlackElo "1278"]
[Annotator "NA RC"]
[PlyCount "98"]
[EventDate "2020.12.13"]
[EventType "blitz"]

1. e4 {[%emt 0:00:03]} g6 {[%emt 0:00:02]} 2. d4 {[%emt 0:00:18]} Bg7 {[%emt 0:00:03]} 3. Nf3 {[%emt 0:00:03]} d6 {[%emt 0:00:02]} 4. Nc3 {[%emt 0:00:09]} Nf6 {[%emt 0:00:08]} 5. Bc4 {[%emt 0:00:12]} Bg4 {[%emt 0:00:07]} 6. O-O {[%emt 0:00:12]} O-O {[%emt 0:00:04]} 7. h3 {[%emt 0:00:07]} Bd7 {[%emt 0:00:13]} 8. Be3 {[%emt 0:01:22]} Nc6 {[%emt 0:00:05]} 9. Qd2 {[%emt 0:00:11]} e5 {[%emt 0:00:11]} 10. dxe5 {[%emt 0:00:18]} dxe5 {[%emt 0:00:05]} 11. Bh6 {[%emt 0:00:26]} Qc8 {[%emt 0:00:20]} 12. Bxg7 {[%emt 0:00:15]} Kxg7 {[%emt 0:00:07]} 13. Qg5 {[%emt 0:00:33]} Nd4 {[%emt 0:00:42]} 14. Nd5 {[%emt 0:01:58]} Nxd5 {[%emt 0:00:09]} 15. exd5 {[%emt 0:00:08]} Bxh3 {[%emt 0:00:15]} 16. Qxe5+ {[%emt 0:00:14]} f6 {[%emt 0:00:12]} 17. Qxd4 {[%emt 0:00:26]} Bf5 {[%emt 0:00:11] Orchidee14 offers a draw} 18. Nh4 {[%emt 0:00:22]} Bxc2 {[%emt 0:00:09]} 19. Rac1 {[%emt 0:00:11]} Ba4 {[%emt 0:00:09]} 20. d6 {[%emt 0:00:09]} c5 {[%emt 0:00:14]} 21. Qd5 {[%emt 0:00:17]} Bc6 {[%emt 0:00:05]} 22. d7 {[%emt 0:00:21]} Qc7 {[%emt 0:00:09]} 23. Rfd1 {[%emt 0:00:42]} Bxd5 {[%emt 0:00:09]} 24. Rxd5 {[%emt 0:00:04]} Rfd8 {[%emt 0:00:08]} 25. Bb5 {[%emt 0:00:19]} Qf4 {[%emt 0:00:16]} 26. Rdxc5 {[%emt 0:00:24]} Qxh4 {[%emt 0:00:20]} 27. Rc8 {[%emt 0:00:06]} Rf8 {[%emt 0:00:15]} 28. Rxf8 {[%emt 0:00:07]} Rxf8 {[%emt 0:00:05]} 29. Rc8 {[%emt 0:00:08]} f5 {[%emt 0:00:15]} 30. Rxf8 {[%emt 0:00:04]} Kxf8 {[%emt 0:00:03]} 31. d8=Q+ {[%emt 0:00:03]} Qxd8 {[%emt 0:00:04]} 32. g3 {[%emt 0:00:06]} h5 {[%emt 0:00:06]} 33. f3 {[%emt 0:00:06]} g5 {[%emt 0:00:03]} 34. Bd3 {[%emt 0:00:04]} g4 {[%emt 0:00:03]} 35. Bxf5 {[%emt 0:00:04]} gxf3 {[%emt 0:00:03]} 36. Bg4 {[%emt 0:00:02]} hxg4 {[%emt 0:00:02]} 37. a4 {[%emt 0:00:08]} Qd1+ {[%emt 0:00:06]} 38. Kh2 {[%emt 0:00:04]} Qxa4 {[%emt 0:00:02]} 39. b4 {[%emt 0:00:04]} Qxb4 {[%emt 0:00:02]} 40. Kg1 {[%emt 0:00:04]} Qe1+ {[%emt 0:00:04]} 41. Kh2 {[%emt 0:00:07]} Qe8 {[%emt 0:00:05]} 42. Kg1 {[%emt 0:00:03]} Qh5 {[%emt 0:00:02]} 43. Kf1 {[%emt 0:00:03]} Qh3+ {[%emt 0:00:02]} 44. Ke1 {[%emt 0:00:03]} Qxg3+ {[%emt 0:00:02]} 45. Kd2 {[%emt 0:00:03]} f2 {[%emt 0:00:03]} 46. Kc2 {[%emt 0:00:04]} f1=R {[%emt 0:00:14]} 47. Kb2 {[%emt 0:00:03]} Rf3 {[%emt 0:00:03]} 48. Kc2 {[%emt 0:00:04]} Qg2+ {[%emt 0:00:01]} 49. Kc1 {[%emt 0:00:02]} Rf1# {[%emt 0:00:01] Mate Mate} 0-1

[Event "OeISM_Rapid_u12_Girls"]
[Site "AUT_girls_U12"]
[Date "2020.12.13"]
[Round "2"]
[White "Chessellis"]
[Black "LBchessqueen"]
[Result "1-0"]
[WhiteElo "1673"]
[BlackElo "1577"]
[Annotator "NA RC"]
[PlyCount "119"]
[EventDate "2020.12.13"]
[EventType "blitz"]

1. e4 {[%emt 0:00:02]} c5 {[%emt 0:00:03]} 2. Nf3 {[%emt 0:00:02]} d6 {[%emt 0:00:04]} 3. d4 {[%emt 0:00:01]} cxd4 {[%emt 0:00:02]} 4. Nxd4 {[%emt 0:00:01]} g6 {[%emt 0:00:03]} 5. Nc3 {[%emt 0:00:02]} Bg7 {[%emt 0:00:01]} 6. Be3 {[%emt 0:00:06]} Nc6 {[%emt 0:00:02]} 7. f3 {[%emt 0:00:03]} Bd7 {[%emt 0:00:08]} 8. Bc4 {[%emt 0:00:03]} Nf6 {[%emt 0:00:10]} 9. Qd2 {[%emt 0:00:06]} O-O {[%emt 0:00:02]} 10. O-O-O {[%emt 0:00:02]} Qa5 {[%emt 0:00:26]} 11. Nb3 {[%emt 0:00:09]} Qc7 {[%emt 0:00:21]} 12. g4 {[%emt 0:00:06]} a6 {[%emt 0:00:04]} 13. h4 {[%emt 0:00:08]} e6 {[%emt 0:00:21]} 14. Bh6 {[%emt 0:00:06]} Ne8 {[%emt 0:00:28]} 15. Bxg7 {[%emt 0:00:07]} Kxg7 {[%emt 0:00:03]} 16. h5 {[%emt 0:00:04]} Rd8 {[%emt 0:00:14]} 17. hxg6 {[%emt 0:00:14]} fxg6 {[%emt 0:00:05]} 18. Qh6+ {[%emt 0:00:03]} Kf7 {[%emt 0:00:17]} 19. Qxh7+ {[%emt 0:00:11]} Ng7 {[%emt 0:00:01]} 20. Rh6 {[%emt 0:00:24]} Ne5 {[%emt 0:00:08]} 21. Be2 {[%emt 0:01:05]} Qc8 {[%emt 0:00:22]} 22. f4 {[%emt 0:00:10]} Rh8 {[%emt 0:00:18]} 23. Qxh8 {[%emt 0:00:44]} Rxh8 {[%emt 0:00:04]} 24. Rxh8 {[%emt 0:00:01]} Qxh8 {[%emt 0:00:02]} 25. fxe5 {[%emt 0:00:05]} Qh6+ {[%emt 0:00:15]} 26. Kb1 {[%emt 0:00:05]} Ba4 {[%emt 0:00:25]} 27. Nxa4 {[%emt 0:00:18]} Qh2 {[%emt 0:00:21]} 28. Bd3 {[%emt 0:00:14]} Qxe5 {[%emt 0:00:07]} 29. Nb6 {[%emt 0:00:41]} Qf4 {[%emt 0:00:45]} 30. Rf1 {[%emt 0:00:24]} Qxf1+ {[%emt 0:00:17]} 31. Bxf1 {[%emt 0:00:02]} Ne8 {[%emt 0:00:06]} 32. Nc4 {[%emt 0:00:08]} Nf6 {[%emt 0:00:03]} 33. Nxd6+ {[%emt 0:00:05]} Ke7 {[%emt 0:00:08]} 34. Nxb7 {[%emt 0:00:11]} Nxe4 {[%emt 0:00:02]} 35. Bxa6 {[%emt 0:00:11]} Nf2 {[%emt 0:00:07]} 36. Bd3 {[%emt 0:00:10]} Nxg4 {[%emt 0:00:03]} 37. Bxg6 {[%emt 0:00:02]} Ne5 {[%emt 0:00:04]} 38. Be4 {[%emt 0:00:14]} Nc4 {[%emt 0:00:05]} 39. N7c5 {[%emt 0:00:07]} Nd6 {[%emt 0:00:04]} 40. Bg2 {[%emt 0:00:16]} e5 {[%emt 0:00:06]} 41. Nd3 {[%emt 0:00:09]} e4 {[%emt 0:00:08]} 42. Ne1 {[%emt 0:00:16]} e3 {[%emt 0:00:06]} 43. Bf3 {[%emt 0:00:05]} Nf5 {[%emt 0:00:03]} 44. Na5 {[%emt 0:00:18]} Kd6 {[%emt 0:00:04]} 45. Nc4+ {[%emt 0:00:04]} Kc5 {[%emt 0:00:02]} 46. b3 {[%emt 0:00:09]} Kd4 {[%emt 0:00:05]} 47. a4 {[%emt 0:00:09]} Kc5 {[%emt 0:00:05]} 48. Be4 {[%emt 0:00:21]} Nd6 {[%emt 0:00:07]} 49. Nxd6 {[%emt 0:00:02]} Kxd6 {[%emt 0:00:02]} 50. b4 {[%emt 0:00:05]} Kc7 {[%emt 0:00:03]} 51. c4 {[%emt 0:00:05]} Kb6 {[%emt 0:00:01]} 52. a5+ {[%emt 0:00:08]} Ka6 {[%emt 0:00:02]} 53. Bd3 {[%emt 0:00:15]} e2 {[%emt 0:00:10]} 54. Bxe2 {[%emt 0:00:02]} Kb7 {[%emt 0:00:02]} 55. b5 {[%emt 0:00:03]} Ka7 {[%emt 0:00:01]} 56. c5 {[%emt 0:00:03]} Kb7 {[%emt 0:00:01]} 57. c6+ {[%emt 0:00:06]} Kc7 {[%emt 0:00:08]} 58. Bf3 {[%emt 0:00:05]} Kb8 {[%emt 0:00:03]} 59. b6 {[%emt 0:00:06]} Ka8 {[%emt 0:00:02]} 60. c7# {[%emt 0:00:02] Mate} 1-0

[Event "OeISM_Rapid_u12_Girls"]
[Site "AUT_girls_U12"]
[Date "2020.12.13"]
[Round "2"]
[White "Ju_Fa29"]
[Black "BiancaD"]
[Result "1-0"]
[WhiteElo "1650"]
[BlackElo "1628"]
[Annotator "NA RC"]
[PlyCount "125"]
[EventDate "2020.12.13"]
[EventType "blitz"]

1. e4 {[%emt 0:00:08]} e5 {[%emt 0:00:01]} 2. Nf3 {[%emt 0:00:02]} Nf6 {[%emt 0:00:01]} 3. Nc3 {[%emt 0:00:05]} Bb4 {[%emt 0:00:03]} 4. Bc4 {[%emt 0:00:04]} Nc6 {[%emt 0:00:08]} 5. a3 {[%emt 0:00:08]} Ba5 {[%emt 0:00:04]} 6. d3 {[%emt 0:00:07]} O-O {[%emt 0:00:03]} 7. Bg5 {[%emt 0:00:08]} h6 {[%emt 0:00:01]} 8. Bh4 {[%emt 0:00:02]} d6 {[%emt 0:00:05]} 9. b4 {[%emt 0:00:12]} Bb6 {[%emt 0:00:04]} 10. Nd5 {[%emt 0:00:02]} Be6 {[%emt 0:00:13]} 11. Nxf6+ {[%emt 0:00:05]} gxf6 {[%emt 0:00:03]} 12. Nd2 {[%emt 0:00:13]} Bxc4 {[%emt 0:00:04]} 13. Nxc4 {[%emt 0:00:02]} Qd7 {[%emt 0:00:08]} 14. Bxf6 {[%emt 0:00:14]} Qe6 {[%emt 0:00:08]} 15. Bh4 {[%emt 0:00:05]} Qg6 {[%emt 0:00:04]} 16. Bg3 {[%emt 0:01:19]} Kh8 {[%emt 0:00:13]} 17. Nxb6 {[%emt 0:00:14]} axb6 {[%emt 0:00:02]} 18. c3 {[%emt 0:00:07]} Rg8 {[%emt 0:00:05]} 19. Qf3 {[%emt 0:00:08]} Raf8 {[%emt 0:00:10]} 20. Ra2 {[%emt 0:00:17]} Qe6 {[%emt 0:00:08]} 21. Rb2 {[%emt 0:00:13]} Qg4 {[%emt 0:00:14]} 22. Qf6+ {[%emt 0:00:20]} Qg7 {[%emt 0:00:06]} 23. Qxg7+ {[%emt 0:00:14]} Rxg7 {[%emt 0:00:01]} 24. O-O {[%emt 0:00:20]} f5 {[%emt 0:00:03]} 25. exf5 {[%emt 0:00:03]} Rxf5 {[%emt 0:00:02]} 26. f4 {[%emt 0:00:08]} Rgf7 {[%emt 0:00:07]} 27. Rbf2 {[%emt 0:00:05]} exf4 {[%emt 0:00:20]} 28. Rxf4 {[%emt 0:00:04]} Rxf4 {[%emt 0:00:05]} 29. Rxf4 {[%emt 0:00:02]} Rxf4 {[%emt 0:00:03]} 30. Bxf4 {[%emt 0:00:01]} Kg7 {[%emt 0:00:01]} 31. Kf2 {[%emt 0:00:03]} h5 {[%emt 0:00:05]} 32. Ke3 {[%emt 0:00:06]} Kf6 {[%emt 0:00:02]} 33. Ke4 {[%emt 0:00:09]} Ke6 {[%emt 0:00:02]} 34. a4 {[%emt 0:00:07]} d5+ {[%emt 0:00:06]} 35. Ke3 {[%emt 0:00:06]} Kd7 {[%emt 0:00:10]} 36. Kf3 {[%emt 0:00:14]} Ke6 {[%emt 0:00:23]} 37. Bxc7 {[%emt 0:00:05]} Ne5+ {[%emt 0:00:02]} 38. Bxe5 {[%emt 0:00:04]} Kxe5 {[%emt 0:00:01]} 39. Ke3 {[%emt 0:00:03]} h4 {[%emt 0:00:05]} 40. h3 {[%emt 0:00:07]} Kf5 {[%emt 0:00:04]} 41. Kf3 {[%emt 0:00:04]} Ke5 {[%emt 0:00:02]} 42. Ke3 {[%emt 0:00:09]} Kf5 {[%emt 0:00:11]} 43. Kf3 {[%emt 0:00:04]} Ke5 {[%emt 0:00:01]} 44. Kg4 {[%emt 0:00:04]} d4 {[%emt 0:00:04]} 45. c4 {[%emt 0:00:04]} Kf6 {[%emt 0:00:20]} 46. Kxh4 {[%emt 0:00:02]} Kf5 {[%emt 0:00:01]} 47. g4+ {[%emt 0:00:04]} Kf4 {[%emt 0:00:01]} 48. g5 {[%emt 0:00:02]} Ke3 {[%emt 0:00:01]} 49. g6 {[%emt 0:00:01]} Kxd3 {[%emt 0:00:01]} 50. g7 {[%emt 0:00:01]} Kxc4 {[%emt 0:00:01]} 51. g8=Q+ {[%emt 0:00:02]} Kc3 {[%emt 0:00:02]} 52. Qc8+ {[%emt 0:00:03]} Kd3 {[%emt 0:00:02]} 53. Qxb7 {[%emt 0:00:02]} Ke3 {[%emt 0:00:02]} 54. Qxb6 {[%emt 0:00:06]} Kd3 {[%emt 0:00:02]} 55. a5 {[%emt 0:00:04]} Kc2 {[%emt 0:00:04]} 56. Qxd4 {[%emt 0:00:03]} Kb3 {[%emt 0:00:05]} 57. a6 {[%emt 0:00:04]} Ka4 {[%emt 0:00:02]} 58. a7 {[%emt 0:00:02]} Kb3 {[%emt 0:00:02]} 59. a8=R {[%emt 0:00:15]} Kc2 {[%emt 0:00:03]} 60. Rc8+ {[%emt 0:00:06]} Kb3 {[%emt 0:00:01]} 61. Qd3+ {[%emt 0:00:03]} Kxb4 {[%emt 0:00:02]} 62. Qb1+ {[%emt 0:00:04]} Ka3 {[%emt 0:00:01]} 63. Ra8# {[%emt 0:00:01] Mate Mate} 1-0